| 000 | 00499nam a2200169 a 4500 | ||
|---|---|---|---|
| 001 | 8645 | ||
| 003 | CO-ViMGA | ||
| 008 | 141112s2004 ck r 000 u spa d | ||
| 040 |
_aCO-ViMGA _bspa _cCO-ViMGA |
||
| 082 | 0 | 4 | _aMEVIECAR.642 B15g |
| 100 | 1 |
_aVictoria Azula, Guillermo _98615 |
|
| 245 | 1 | 0 |
_aGuia de Lotus 2.2 y 3.1 / _cVictoria Azula Guillermo |
| 260 |
_aBogotá, _cBanco de la Republica, _c1991 |
||
| 300 | _a310 p., il, diagrs, 24 cm | ||
| 650 | 1 | 4 |
_aLotus 1 - 2 - 3 _98616 |
| 942 |
_2ddc _cBK |
||
| 999 |
_c20285 _d20285 |
||